000 00377nam a2200145Ia 4500
008 230711s9999||||xx |||||||||||||| ||und||
041 _aENG
082 _a621
_bLA-E
100 _aLarson,Robert E
245 0 _aAll in one CCNA 2.0 certification : exam study guide
250 _a1st Ed.
260 _c2002
_aNew Delhi
_bDream Tech
650 _aComputer Engineering
942 _cBK
999 _c4086
_d4086